|
|
|
|
| LEADER |
00000nab a2200000 4500 |
| 001 |
vtls011889066 |
| 003 |
SK-MaSNL |
| 005 |
20260318122317.0 |
| 008 |
190924|20190924xo |||| || ||00 0|hun |
| 015 |
|
|
|a SNBRB2019/09
|
| 038 |
|
|
|a DSZK
|
| 040 |
|
|
|a DSZK
|b slo
|c DSZK
|e rda
|
| 041 |
|
|
|a hun
|
| 043 |
|
|
|a e-xo---
|
| 044 |
|
|
|a xo
|c SK
|
| 072 |
|
7 |
|a 796
|x Šport. Hry. Telesné cvičenia
|2 konspekt
|
| 080 |
|
|
|a 796.322-055.2(437.6)
|2 2011
|
| 100 |
1 |
|
|a Bőd, Titanilla,
|d 1983-
|4 aut
|9 118485
|
| 245 |
1 |
0 |
|a A DAC-os lányok először nyertek a MOL Ligában
|c Bőd Titanilla
|
| 300 |
|
|
|b Fotografie
|
| 336 |
|
|
|a text
|b txt
|2 rdacontent
|
| 337 |
|
|
|a bez média
|b n
|2 rdamedia
|
| 338 |
|
|
|a zväzok
|b nc
|2 rdacarrier
|
| 610 |
2 |
7 |
|a MŠK HC DAC Dunajská Streda
|2 dszk
|9 1107867
|
| 610 |
2 |
7 |
|a HC Sporta Hlohovec
|2 dszk
|9 1111217
|
| 650 |
0 |
7 |
|a ženská hádzaná
|2 SNKPH
|9 145733
|
| 650 |
0 |
7 |
|a MOL liga
|y sezóna 2019/2020
|2 dszk
|9 1107868
|
| 651 |
|
7 |
|a Dunajská Streda (Slovensko)
|2 SNKPHgeo
|9 17375
|
| 651 |
|
7 |
|a Hlohovec (Slovensko)
|2 SNKPHgeo
|9 31468
|
| 773 |
0 |
|
|t Új szó
|g Évf. 72, sz. 222 (2019.9.24), o. 20
|x 1335-7050
|
| 958 |
|
|
|a SK
|
| 958 |
|
|
|a HU
|
| 958 |
|
|
|a RG
|
| 999 |
|
|
|c 3203039
|d 3204969
|